000 01025na a2200325 4500
001 16318
003 MIRAKIL
005 20181213154925.0
008 161021b tu 000 0
020 _a9758572059
040 _aMilas
_btur
_cTR-AnCHP
041 _atur
082 _a364.1323
_2B24d 2001
090 _a364.1323 B24d 2001
100 _aBalbay, Mustafa
245 _aDemireller tarihinde yeğen II. Yahya Vak'ası
_byürü-t ya kulum
_cMustafa Balbay
246 _aDemireller tarihinde yeğen II. Yahya Vakası
246 _aYürüt ya kulum
260 _aAnkara
_bÜmit Yayıncılık
_c2001
300 _a240 s.
_bres.
_c20 sm.
504 _aKaynakça var.
650 _aBankalar ve bankacılık
_xRüşvet
_zTürkiye
650 _aKaçakcılık
_zTürkiye
650 _aZimmete geçirme
_zTürkiye
650 _aYolsuzluklar
_zTürkiye
650 _aDolandırıcılık
_zTürkiye
650 _aDemirel, Süleyman
_xYolsuzluklar
657 _aDevlet memurların yolsuzlukları
942 _2dcc
_cBKS
999 _c3243
_d3243